Сметы по Дирекции на 1823 год

Доступно только в Электронных читальных залах Найти на картеНа карте
RUSMARC
00003563nmc2a22000003x 450
00107f2655a-18e3-4793-8dd3-7c72d2e86110
00520181126220919.0
100##$a20161223l18221822k l0rusy0189 ca
1010#$arus
102##$aRU
2001#$aСметы по Дирекции на 1823 год
$j1822 г.
251##$cДело
300##$aДело
801#0$aRU
$bРГИА
$c20161223
$gRCR
801#1$aRU
$bГлавНИВЦ
$c20161223
$2rusmarc
801#2$aRU
$bПБ им. Б.Н. Ельцина
$c20181126
$gRCR
$2rusmarc
850##$aРГИА
852##$aРГИА
$eФедеральное казенное учреждение "Российский государственный исторический архив" (РГИА)
$j2353
937##$hРГИА
$d12236600
$aASBIBLIO_SCAN
462#0$1001dd3991dc-24e1-42ec-8838-ca4255420416
$12001
$a1746-1850 гг.
$1251
$cОпись
$1852
$j1
461#0$10019264ebf8-de62-4f1a-9eb4-9f22098dbbd5
$12001
$aДирекция императорских театров МИДв
$1251
$cФонд
$1852
$j497
215##$a3 л.
$d36,5х26 см
$cтабл.
371##$aДокумент не является опубликованным и широко распространяемым
105##$aa###
1222#$ad
035##$a07f2655a-18e3-4793-8dd3-7c72d2e86110
856##$uhttp://readingroom.main.prlib.ru/item.aspx?id_node=n121009343&mode=full
Формат отображения